[Event "5th Kolkata Open"]
[Site "Kolkata IND"]
[Date "2012.12.05"]
[Round "3"]
[White "G.,A"]
[Black "Sethuraman,S"]
[Result "0-1"]
[WhiteElo "2404"]
[BlackElo "2520"]

1.e4 d5 2.exd5 Qxd5 3.Nc3 Qd6 4.d4 Nf6 5.Nf3 g6 6.g3 Bg7 7.Bg2 Qa6 8.Bf4 c6
9.Qd2 O-O 10.Ne5 Be6 11.Nd3 Nbd7 12.O-O Qb6 13.Ne2 Rad8 14.b3 c5 15.a4 Bd5
16.dxc5 Nxc5 17.a5 Qc6 18.Nb4 Bxg2 19.Nxc6 Rxd2 20.Nxe7+ Kh8 21.Bxd2 Bxf1
22.Kxf1 Nfe4 23.Rd1 Rd8 24.Ke1 Bf6 25.b4 Ne6 26.a6 Bxe7 27.axb7 Rb8 28.b5 Nxd2
29.Rxd2 Rxb7 30.Rd5 Kg7 31.Kd2 Bc5 32.c4 Bxf2 33.Nc3 Rc7 34.Kd3 Bg1 35.h3 h5
36.Ne2 Bb6 37.g4 Nc5+ 38.Kc3 hxg4 39.hxg4 Ne4+ 40.Kb4 Nf6  0-1

[Event "4th London Classic Open"]
[Site "London ENG"]
[Date "2012.12.05"]
[Round "5"]
[White "Steil Antoni,F"]
[Black "Calvert,D"]
[Result "1/2-1/2"]
[WhiteElo "2169"]
[BlackElo "1999"]

1.e4 d5 2.exd5 Qxd5 3.Nc3 Qd6 4.d4 Nf6 5.Nf3 a6 6.g3 Bg4 7.Bg2 Nc6 8.O-O O-O-O
9.d5 Ne5 10.Bf4 Bxf3 11.Bxf3 Nxf3+ 12.Qxf3 e5 13.dxe6 Qxe6 14.Bg5 h5 15.h4 Qg4
16.Qe3 Bd6 17.Bxf6 gxf6 18.Rfe1 Rhg8 19.Qe4 f5 20.Qxg4 Rxg4 21.Kg2 f4 22.Ne4 fxg3
23.fxg3 f5 24.Nxd6+ Rxd6 25.Re8+ Kd7 26.Rf8 Rdg6 27.Rxf5 Rxg3+ 28.Kf2 Rg2+
29.Ke3 R6g3+ 30.Kf4 Rg4+ 31.Ke5 Re2+ 32.Kf6 Re6+  1/2-1/2

[Event "33rd Crespi Memorial"]
[Site "Milan ITA"]
[Date "2012.12.05"]
[Round "5.11"]
[White "Bentivegna,F"]
[Black "Nannelli,P"]
[Result "1-0"]
[WhiteElo "2335"]
[BlackElo "2230"]

1.e4 d5 2.exd5 Qxd5 3.Nc3 Qd6 4.d4 Nf6 5.Nf3 c6 6.Ne5 Nbd7 7.Bf4 Nd5 8.Nxd5 Qxd5
9.Be2 Nxe5 10.Bxe5 Qxg2 11.Bf3 Qg6 12.Qe2 h5 13.h3 Bf5 14.O-O-O Qh6+ 15.Kb1 Rc8
16.Ka1 f6 17.Bh2 Kf7 18.d5 Kg8 19.dxc6 bxc6 20.Qc4+ Kh7 21.Be4 Bxe4 22.Qxe4+ Qg6
23.Qe6 Qe8 24.Rhg1 g6 25.Rd7 Rg8 26.Rgd1 Rg7 27.Rxa7 Ra8 28.Rxa8 Qxa8 29.Bf4 Qa4
30.Be3 Qxc2 31.Rd8 Qf5 32.Qxc6 Rf7 33.Qe8 Qe6 34.a3 g5 35.h4 gxh4 36.Qb5 Qg4
37.Rd4 Qg1+ 38.Ka2 Qg6 39.Rxh4 e5 40.Qe2 f5 41.Rxh5+  1-0

[Event "London Classic Women Inv"]
[Site "London ENG"]
[Date "2012.12.06"]
[Round "6"]
[White "Sandu,Mi"]
[Black "Daulyte,D"]
[Result "1/2-1/2"]
[WhiteElo "2199"]
[BlackElo "2212"]

1.e4 d5 2.exd5 Qxd5 3.Nc3 Qd6 4.d4 Nf6 5.Nf3 g6 6.Bc4 Bg7 7.O-O O-O 8.h3 a6
9.Be3 b5 10.Be2 Bb7 11.a4 b4 12.Na2 Nbd7 13.Qd2 Nd5 14.c3 a5 15.Nc1 bxc3
16.bxc3 N7f6 17.Bd3 Nxe3 18.Qxe3 Nd5 19.Qe1 Nxc3 20.Qxc3 Bxf3 21.Nb3 Bb7
22.Rfe1 Rfd8 23.Be4 Bxe4 24.Rxe4 c5 25.Qe1 cxd4 26.Rxe7 Qd5 27.Rb1 Rab8 28.Nd2 Rxb1
29.Qxb1 d3 30.Qe1 Bc3 31.Qe3 Bd4 32.Qf4 Bg7 33.Ne4 h6 34.h4 Rf8 35.g3 f5
36.Qc7 Rf7 37.Rxf7 Qxf7 38.Qd8+ Qf8 39.Qd5+ Qf7 40.Qd8+ Kh7 41.Nc5 Qc4 42.Nxd3 Qxa4
43.Nf4 Qb4 44.Qe8 Qd6 45.h5 gxh5 46.Qxh5 Qf6 47.Qe8 Qe5 48.Qg6+ Kg8 49.Nh5 a4
50.Nxg7 Qxg7 51.Qe8+  1/2-1/2

[Event "4th London Classic Open"]
[Site "London ENG"]
[Date "2012.12.07"]
[Round "7"]
[White "Dror,L"]
[Black "Calvert,D"]
[Result "1/2-1/2"]
[WhiteElo "1782"]
[BlackElo "1999"]

1.e4 d5 2.exd5 Qxd5 3.Nc3 Qd6 4.d4 Nf6 5.Nf3 c6 6.h3 Bf5 7.Bd3 Bxd3 8.Qxd3 Nbd7
9.O-O e6 10.Re1 Be7 11.Ne4 Nxe4 12.Rxe4 Nf6 13.Bf4 Qd8 14.Re2 Bd6 15.Bd2 O-O
16.c4 c5 17.Bc3 Rc8 18.Rd1 cxd4 19.Bxd4 Bc5 20.Qb3 Qb6 21.Qxb6 Bxb6 22.Bxb6 axb6
23.b3 Rfd8 24.Red2 Rxd2 25.Rxd2 Kf8 26.Kf1 Ke7 27.Ne5 Rc7 28.Ke2 Ne8 29.f4 f6
30.Nf3 Nd6 31.a4 Ne4 32.Rd3 g6 33.g4 Rd7 34.Rxd7+ Kxd7 35.Ke3 Nc5 36.Nd2 Kd6
37.Kd4 e5+ 38.fxe5+ fxe5+ 39.Kc3 Kc6 40.Nf3 Ne4+ 41.Kb4 Kd6 42.Kb5 Nc5 43.Nd2 Nd7
44.Ne4+ Ke6 45.Ng5+ Kd6 46.Nxh7 e4 47.Ng5 Ke5 48.Nxe4 Kxe4 49.h4 Kf4 50.h5 gxh5
51.gxh5 Kg5 52.b4 Kxh5 53.c5 bxc5 54.bxc5 Kg5 55.a5 Kf5 56.c6 bxc6+ 57.Kxc6 Nb8+
58.Kc7 Na6+ 59.Kb6 Nb4 60.Kb5 Ke6 61.a6 Nxa6  1/2-1/2

[Event "FSIM December 2012"]
[Site "Budapest HUN"]
[Date "2012.12.08"]
[Round "7.1"]
[White "Hou,Qiang"]
[Black "Szeberenyi,A"]
[Result "1-0"]
[WhiteElo "2345"]
[BlackElo "2331"]

1.e4 d5 2.exd5 Qxd5 3.Nc3 Qd6 4.d4 Nf6 5.Nf3 a6 6.g3 Bg4 7.Bg2 Nc6 8.O-O O-O-O
9.d5 Nb4 10.h3 Bxf3 11.Qxf3 Nbxd5 12.Nxd5 Qxd5 13.Qe3 Qd6 14.Qb3 Qb6 15.Qxf7 e5
16.Be3 Bc5 17.Bxc5 Qxc5 18.Qxg7 Qb6 19.Qg5 e4 20.b3 Rhg8 21.Qf5+ Kb8 22.c4 Rxg3
23.c5 Rxg2+ 24.Kxg2 Qc6 25.Kh2 Rd5 26.Qf4 Qe6 27.Rae1 Rf5 28.Qe3 Qe5+ 29.f4 Qxc5
30.Qxc5 Rxc5 31.Re2  1-0

[Event "FSFMA December 2012"]
[Site "Budapest HUN"]
[Date "2012.12.09"]
[Round "8.4"]
[White "Mayer,I"]
[Black "Grimm,G"]
[Result "1/2-1/2"]
[WhiteElo "2058"]
[BlackElo "2043"]

1.e4 d5 2.exd5 Qxd5 3.Nc3 Qd6 4.Nf3 c6 5.d4 Nf6 6.Ne5 Nbd7 7.Nc4 Qc7 8.Qf3 Nb6
9.Ne5 e6 10.Bg5 Be7 11.Bd3 Nbd5 12.O-O h6 13.Nxd5 exd5 14.Bh4 Be6 15.Rfe1 O-O
16.Bf5 Bxf5 17.Qxf5  1/2-1/2

[Event "TCh-CZE Div1 Zapad 2012-13"]
[Site "Czech Republic CZE"]
[Date "2012.12.09"]
[Round "4.1"]
[White "Docekal,J"]
[Black "Jirovsky,M"]
[Result "0-1"]
[WhiteElo "2321"]
[BlackElo "2453"]

1.e4 d5 2.exd5 Qxd5 3.Nc3 Qd6 4.g3 Nf6 5.Bg2 c6 6.d3 Bf5 7.Bf4 Qd8 8.Nf3 e6
9.Qe2 Bd6 10.Bg5 Be7 11.O-O h6 12.Bd2 O-O 13.Ne4 Nbd7 14.Rfe1 a5 15.a4 Nd5
16.b3 Qc7 17.Qf1 Rfd8 18.Nd4 Bg6 19.Ne2 N7f6 20.Nf4 Bf5 21.Rad1 Rd7 22.Bh3 Bh7
23.Qe2 Kh8 24.Nh5 Nxh5 25.Qxh5 Bb4 26.Bxb4 axb4 27.Bg2 Bg6 28.Qh4 Bxe4 29.Bxe4 Nc3
30.Ra1 Rd4 31.Qh3 Ra5 32.Bf3 Kg8 33.Qf1 Rc5 34.Re3 Nd5 35.Re4 Rxe4 36.dxe4 Ne7
37.Qe1 Rc3 38.Bg2 c5 39.e5 b6 40.Be4 g6 41.Bd3 Nc6 42.f4 Qd8 43.Rd1 Nd4 44.Qe4 Qd5
45.Qxd5 exd5 46.g4 Nxc2 47.Bxc2 Rxc2 48.Rxd5 c4 49.bxc4 b3  0-1

[Event "Lleida IM Closed 2012"]
[Site "Lleida ESP"]
[Date "2012.12.12"]
[Round "9.4"]
[White "Gonzalez Perez,A"]
[Black "Monell Camarasa,D"]
[Result "1-0"]
[WhiteElo "2491"]
[BlackElo "2259"]

1.e4 d5 2.exd5 Qxd5 3.Nc3 Qd8 4.d4 c6 5.Bc4 Nf6 6.Nf3 Nbd7 7.Qe2 Nb6 8.Bb3 a5
9.a3 a4 10.Ba2 Nbd5 11.Bd2 Bg4 12.O-O-O e6 13.h3 Bxf3 14.Qxf3 Nxc3 15.Bxc3 Nd5
16.Bd2 Be7 17.c4 Nb6 18.Bc3 O-O 19.Kb1 Qc7 20.Ka1 Rad8 21.h4 c5 22.d5 exd5
23.cxd5 Bd6 24.Bb1 Nc4 25.Qe4  1-0

[Event "4th Penang Heritage City Open"]
[Site "Penang MAS"]
[Date "2012.12.12"]
[Round "4.43"]
[White "Wong,Yinn Long"]
[Black "Cheong,Jie Yao"]
[Result "1-0"]
[WhiteElo "1785"]
[BlackElo "1653"]

1.e4 d5 2.exd5 Qxd5 3.Nc3 Qd6 4.g3 Nf6 5.Bg2 Nc6 6.Nf3 a6 7.O-O Bg4 8.d3 O-O-O
9.Qd2 e6 10.Ng5 Bh5 11.Rb1 Nd5 12.a3 Be7 13.Nge4 Qd7 14.Ne2 Nf6 15.b3 Nxe4
16.Bxe4 Bg6 17.Bg2 f6 18.b4 Nd4 19.Nxd4 Qxd4 20.b5 axb5 21.Rxb5 b6 22.Qe2 Kd7
23.Re1 Qd6 24.Bh3 Bf7 25.Bf4 Qc6 26.c4 Ke8 27.Bxe6 Bxe6 28.Qxe6 Qxe6 29.Rxe6 Rxd3
30.Bxc7 Kd7 31.Re2 Bxa3 32.Bxb6 Rc8 33.Rc2 Rd1+ 34.Kg2 Rc1 35.Rxc1 Bxc1 36.c5 Bd2
37.Rb3 Kc6 38.Rd3 Bb4 39.Rd6+ Kb5 40.Rd7 Rg8 41.Rc7 g6 42.Rxh7 Bxc5 43.Bxc5 Kxc5
44.Rf7 f5 45.Rd7 Kc6 46.Rd3 Rg7 47.h4 Rd7 48.Rxd7 Kxd7 49.Kf3 Ke6 50.Kf4 Kf6
51.f3 Kf7 52.Kg5 Kg7 53.h5  1-0

[Event "4th Penang Heritage City Open"]
[Site "Penang MAS"]
[Date "2012.12.13"]
[Round "5.20"]
[White "Lim,DeL"]
[Black "Castellano,Christo"]
[Result "0-1"]
[WhiteElo "1863"]
[BlackElo "2253"]

1.e4 d5 2.exd5 Qxd5 3.Nc3 Qd6 4.d4 Nf6 5.h3 a6 6.Nge2 b5 7.a3 Bb7 8.Bf4 Qb6
9.Rg1 e6 10.g4 Bd6 11.Bg2 O-O 12.g5 Nd5 13.Bxd6 cxd6 14.Nxd5 exd5 15.Qd2 Nd7
16.Nf4 Rae8+ 17.Kf1 Qc7 18.b3 Rc8 19.Rc1 a5 20.Bf3 a4 21.Kg2 Rfe8 22.Kh2 Nf8
23.bxa4 bxa4 24.Nxd5 Bxd5 25.Bxd5 Ng6 26.Rg3 Ne7 27.Be4 d5 28.Bd3 Ng6 29.Bf5 Nh4
30.Qd3 Qf4 31.Bxh7+ Kh8 32.Rf1 g6 33.Kg1 Qe4 34.Bxg6 Nxg6 35.Qb5 Qxd4 36.Rg4 Re4
37.Rxe4 Qxe4 38.Qd7 Rf8 39.Qc6 Nf4 40.f3 Nxh3+ 41.Kh1 Qh4 42.Qh6+ Qxh6 43.gxh6 Rc8
44.Kh2 Nf4 45.Rf2 Rc3 46.Kg3 Ne6 47.Rd2 d4 48.Kg4 Kh7 49.f4 Re3 50.f5 Re4+
51.Kh5 Nf4+ 52.Kg4  0-1

[Event "III ITT JAHV McGREGOR"]
[Site "Bogota COL"]
[Date "2012.12.14"]
[Round "5.107"]
[White "Duran Barraza,Mateo Andres"]
[Black "Acosta,Jaime"]
[Result "1-0"]
[WhiteElo "1860"]
[BlackElo "1710"]

1.e4 d5 2.exd5 Qxd5 3.Nc3 Qd6 4.d4 Nf6 5.h3 a6 6.Nf3 b5 7.a3 Bb7 8.Be3 e6
9.g3 Be7 10.Bg2 O-O 11.O-O Qd8 12.Qe2 Nd5 13.Nxd5 Bxd5 14.b3 b4 15.axb4 Bxb4
16.c4 Bb7 17.Ra4 a5 18.Qc2 Nd7 19.Ng5 g6 20.Bxb7 Rb8 21.Bg2 Nb6 22.Raa1 Qe7
23.Nf3 Nd7 24.Ne5 Nxe5 25.dxe5 c5 26.h4 Qc7 27.Bg5 Rbc8 28.Bf6  1-0

[Event "4th Penang Heritage City Open"]
[Site "Penang MAS"]
[Date "2012.12.14"]
[Round "7.40"]
[White "Goh,Jinghan Cameron"]
[Black "Cheong,Jie Yao"]
[Result "0-1"]
[WhiteElo "1794"]
[BlackElo "1653"]

1.e4 d5 2.exd5 Qxd5 3.Nc3 Qd6 4.d4 Nf6 5.Nf3 a6 6.Bc4 Bg4 7.h3 Bh5 8.Be3 Nc6
9.g4 Bg6 10.Bb3 e6 11.Qe2 O-O-O 12.O-O-O Nb4 13.Ne5 Nbd5 14.Nxd5 Nxd5 15.c4 Nxe3
16.fxe3 f6 17.c5 Qe7 18.Nc4 Be4 19.Rhe1 Qf7 20.Nd2 Bd5 21.Bxd5 exd5 22.Kb1 h5
23.e4 Qg6 24.Ka1 hxg4 25.hxg4 Rh4 26.exd5 Qxg4 27.Nf3 Rh3 28.Rd3 Rxd5 29.Re3 Rd8
30.Re8 Qd7 31.Rxd8+ Kxd8 32.c6 Qxc6 33.d5 Qd7 34.Nd4 Rh8 35.Nf5 Bb4  0-1

[Event "Malmo Open"]
[Site "Malmo SWE"]
[Date "2012.12.15"]
[Round "2"]
[White "Rosell,T"]
[Black "Fries Nielsen,JO"]
[Result "1/2-1/2"]
[WhiteElo "2141"]
[BlackElo "2365"]

1.e4 d5 2.exd5 Qxd5 3.Nc3 Qd8 4.d4 g6 5.Nf3 Bg7 6.h3 a6 7.a4 Nh6 8.Ne4 Nf5
9.c3 b6 10.Bc4 Bb7 11.Qe2 O-O 12.O-O Nd7 13.Ba2 Nd6 14.Nxd6 exd6 15.Qe3 Nf6
16.Qf4 Qd7 17.Re1 Rae8 18.Bd2 h6 19.Bb3 Be4 20.Nh2 Bf5 21.Qf3 Ne4 22.Be3 d5
23.c4 c6 24.cxd5 cxd5 25.Rac1 h5 26.Nf1 b5 27.Ra1 Be6 28.axb5 axb5 29.Ng3 Ra8
30.Rxa8 Rxa8 31.Nxe4 dxe4 32.Qxe4 Rc8 33.Bxe6 Qxe6 34.Qxe6 fxe6 35.Re2 Rc4
36.Rd2 Rb4 37.Kf1 Kf7 38.Ke2 e5 39.dxe5 Bxe5 40.Bc5 Rxb2 41.Rxb2 Bxb2 42.Kd3 Ke6
43.Ke4 Bc3 44.g4 hxg4 45.hxg4 b4 46.f4 b3 47.f5+ Kf6 48.Kd3 gxf5  1/2-1/2

[Event "4th Penang Heritage City Open"]
[Site "Penang MAS"]
[Date "2012.12.15"]
[Round "9.42"]
[White "Chua,Jing Yuan Cyril"]
[Black "Cheong,Jie Yao"]
[Result "1/2-1/2"]
[WhiteElo "1678"]
[BlackElo "1653"]

1.e4 d5 2.exd5 Qxd5 3.Nc3 Qd6 4.d4 Nf6 5.Nf3 a6 6.g3 Bg4 7.Be2 Nc6 8.Bf4 Qd7
9.Ne5 Nxe5 10.dxe5 Bxe2 11.Qxe2 Nd5 12.O-O-O Nxc3 13.bxc3 Qc6 14.e6 g6 15.exf7+ Kxf7
16.Rhe1 e6 17.Bxc7 Rc8 18.Bd6 Bh6+ 19.f4 Rhe8 20.Be5 Bf8 21.Bd4 Ba3+ 22.Kb1 Rcd8
23.Qe5 Rxd4 24.Rxd4 Qb6+ 25.Rb4 Bxb4 26.cxb4 Qxb4+ 27.Kc1 Qc4 28.Qe4 Qxe4
29.Rxe4 Rd8 30.c4 b6 31.Kc2 Kf6 32.Re5 Rd4 33.Kc3 Rd1 34.Re2 Kf5 35.a4 Rc1+
36.Kb3 Rb1+ 37.Kc3 Rc1+ 38.Kd3 Ra1 39.Rb2 Rd1+ 40.Kc3 Rc1+ 41.Kd4 Rd1+ 42.Ke3 Rd6
43.a5 bxa5 44.Ra2 Kg4 45.Rxa5 Kh3 46.Ra2 Kg4 47.Ra5 Kh3 48.Ra2 a5 49.Rxa5 Kxh2
50.Rg5 Rc6 51.c5 Kg2 52.Kd4 Kf3 53.Kc4 Ke4 54.Kb5 Rc8 55.c6 Rg8 56.c7 e5
57.Rxe5+ Kf3 58.Kc6 Kxg3 59.Kd7 Ra8 60.Re8 Ra7 61.Kd8 Ra8+ 62.c8=Q Rxc8+
63.Kxc8 Kxf4  1/2-1/2

[Event "Amplico ch-EUR Rapid"]
[Site "Warsaw POL"]
[Date "2012.12.15"]
[Round "5.17"]
[White "Duda,J"]
[Black "Riazantsev,A"]
[Result "1-0"]
[WhiteElo "2468"]
[BlackElo "2705"]

1.e4 d5 2.exd5 Qxd5 3.Nc3 Qd6 4.d4 Nf6 5.Nf3 c6 6.g3 Bf5 7.Bg2 e6 8.O-O Nbd7
9.a3 Qc7 10.Qe2 Be7 11.Bf4 Qd8 12.h3 h6 13.Rad1 O-O 14.Rfe1 Rc8 15.g4 Bh7
16.Bg3 Qb6 17.b4 Nd5 18.Nb1 a5 19.c4 N5f6 20.c5 Qa7 21.b5 cxb5 22.Nc3 b4
23.axb4 axb4 24.Ra1 Qxa1 25.Rxa1 bxc3 26.Ne1 e5 27.Bxb7 Rce8 28.c6 exd4 29.cxd7 Nxd7
30.Bc6 Bf6 31.Qb5 Rxe1+ 32.Rxe1 d3 33.Be4 Bxe4 34.Rxe4 d2 35.Qxd7 Kh7 36.Rb4 Rd8
37.Qf5+ Kg8 38.Rb1 d1=Q+ 39.Rxd1 Rxd1+ 40.Kg2 Rd8 41.Bf4 Bd4 42.Qe4 Bf6 43.Qc6 Bd4
44.Bc7 Rf8 45.Ba5 g6 46.Bxc3 Bxc3 47.Qxc3 Re8 48.f4 Re6 49.Kf3 Rb6 50.Ke4 Re6+
51.Kd5 Re2 52.Kd6 Ra2 53.Qd3 Ra8 54.Qe4 Ra6+ 55.Kd7 Kf8 56.Qe5 Kg8 57.f5 Ra7+
58.Kc6 Ra2 59.Qd4 Kh7 60.Kd7 Ra5 61.f6  1-0

[Event "Amplico ch-EUR Rapid"]
[Site "Warsaw POL"]
[Date "2012.12.15"]
[Round "6.30"]
[White "Nasuta,G"]
[Black "Tomczak,J"]
[Result "0-1"]
[WhiteElo "2270"]
[BlackElo "2558"]

1.e4 d5 2.exd5 Qxd5 3.Nc3 Qd6 4.d4 Nf6 5.Nf3 g6 6.g3 Bg7 7.Bg2 Qa6 8.Bf4 c6
9.Ne2 O-O 10.O-O Bf5 11.Re1 Nd5 12.c3 Nd7 13.Qd2 Nxf4 14.Nxf4 Bf6 15.h3 Nb6
16.g4 Bd7 17.Bf1 Qa5 18.b4 Qa3 19.Rab1 Nd5 20.Rb3 Qa4 21.Nd3 b6 22.c4 Nc7
23.g5 Bg7 24.Rxe7 Rad8 25.Nfe5 c5 26.b5 Be6 27.Rxc7 Rxd4 28.Qe2 Bxc4 29.Nxc4 Qxc4
30.Ne1 Qd5 31.Nf3 Re4 32.Qd3 Qf5 33.Nd2 Qxg5+ 34.Qg3 Qxd2 35.Rd3 Qc1  0-1

[Event "III ITT JAHV McGREGOR"]
[Site "Bogota COL"]
[Date "2012.12.16"]
[Round "8.43"]
[White "Lozano,Ricardo"]
[Black "Castro,N"]
[Result "1/2-1/2"]
[WhiteElo "2113"]
[BlackElo "2009"]

1.e4 d5 2.exd5 Qxd5 3.Nc3 Qd6 4.d4 c6 5.Nf3 Bg4 6.Be2 Nf6 7.O-O e6 8.Bg5 Nbd7
9.Bh4 Bxf3 10.Bxf3 Qc7 11.Re1 Bd6 12.d5 cxd5 13.Nxd5 Nxd5 14.Bxd5 O-O 15.Bxb7 Rab8
16.Be4 Bxh2+ 17.Kh1 Be5 18.Be7 Rfe8 19.Ba3 Nf6 20.c3 Bf4 21.Qf3 Rb5 22.g3 Bh6
23.Kg2 Nxe4 24.Rxe4 Rd8 25.Rd1 Rxd1 26.Qxd1 g6 27.Rd4 Qb7+ 28.Qf3 Kg7 29.c4 Qxf3+
30.Kxf3 Rb8 31.b4 Kf6 32.Rd7 a6 33.Bb2+ e5 34.a3 a5 35.Rd6+ Ke7 36.Bxe5 axb4
37.Rd3 Rc8 38.Bd6+ Ke6 39.c5 bxa3 40.Rxa3 Bf8 41.Bxf8 Rxf8 42.Ke4 f5+ 43.Kd4 Rd8+
44.Kc4 Rd2 45.f4 Rc2+ 46.Kb5 Kd5 47.Rd3+ Ke4 48.Rd7 Kf3 49.Rd3+ Ke4 50.Rd7 Kf3
51.Rxh7 Kxg3 52.Rg7 Kxf4 53.Rxg6 Ke3 54.c6 f4 55.Kb6 f3 56.c7 Rxc7 57.Kxc7 f2
58.Rf6  1/2-1/2

[Event "Amplico ch-EUR Rapid"]
[Site "Warsaw POL"]
[Date "2012.12.16"]
[Round "8.35"]
[White "Nasuta,G"]
[Black "Zhigalko,A"]
[Result "0-1"]
[WhiteElo "2270"]
[BlackElo "2589"]

1.e4 d5 2.exd5 Qxd5 3.Nc3 Qd6 4.d4 Nf6 5.Nf3 c6 6.g3 Bg4 7.Bg2 e6 8.O-O Be7
9.Ne2 O-O 10.b3 Nbd7 11.Bb2 a5 12.a4 Rfe8 13.Nf4 Rad8 14.Qe1 Qc7 15.Rc1 Bb4
16.Bc3 Bxf3 17.Bxf3 e5 18.Ne2 e4 19.Bg2 Nd5 20.Bxb4 axb4 21.Qd2 N7f6 22.Rce1 h6
23.f3 e3 24.Qd3 Re7 25.Ra1 Qa5 26.Rfe1 Rde8 27.Bh3 g6 28.Qc4 Nc3 29.Nxc3 bxc3
30.Re2 Qh5 31.Bg2 Nd5 32.Rae1 Qf5 33.f4 h5 34.Bxd5 cxd5 35.Qxc3 Qe4 36.Qd3 Qf3
37.Rf1 Qg4 38.Rfe1 Qe6 39.Kg2 h4 40.Kf3 Qh3 41.Rxe3 Qxh2 42.gxh4 Qh3+ 43.Kf2 Qxh4+
44.Kf3 Qxe1 45.Rxe1 Rxe1 46.Qb5 R1e3+ 47.Kf2 R3e4 48.Kf3 Re3+ 49.Kf2 R8e4
50.Qxd5 Re2+ 51.Kf1 Re1+ 52.Kf2 R4e2+ 53.Kf3 Re3+ 54.Kf2 R1e2+ 55.Kf1 Rxc2
56.f5 Rd3 57.Ke1 Rh3 58.fxg6 Rh1+ 59.Qxh1 Rc1+ 60.Kd2 Rxh1 61.gxf7+ Kxf7
62.Kc3 Ke6 63.Kc4 Kd6 64.b4 Kc6 65.d5+ Kd6 66.a5 Rb1 67.b5 Ra1  0-1

[Event "15th Padova Open 2012"]
[Site "Padova ITA"]
[Date "2012.12.18"]
[Round "4.9"]
[White "Zuttioni,F"]
[Black "Kasparov,S"]
[Result "0-1"]
[WhiteElo "2001"]
[BlackElo "2475"]

1.e4 d5 2.exd5 Qxd5 3.Nc3 Qd6 4.d4 Nf6 5.g3 c6 6.Bg2 Bf5 7.Nf3 e6 8.a3 Be7
9.Ne5 h6 10.h4 Nbd7 11.Nc4 Qc7 12.Bf4 Qd8 13.Nd6+ Bxd6 14.Bxd6 Nb6 15.Bf4 O-O
16.O-O Qd7 17.Be5 Ng4 18.Bf4 Rad8 19.Ne2 Qe7 20.Qc1 Rfe8 21.b3 e5 22.dxe5 Nxe5
23.Nc3 Ng4 24.a4 Qf6 25.Bd2 Qd4 26.Be1 a5 27.Na2 Re2 28.Bc3 Qc5 29.b4 Qc4
30.Qa3 Rxc2 31.bxa5 Nd5 32.Be1 Nde3 33.fxe3 Rxg2+ 34.Kxg2 Be4+ 35.Kg1 Qe2
36.Rf2 Nxf2 37.Bxf2 Rd2  0-1

[Event "19th Zadar Open A"]
[Site "Zadar CRO"]
[Date "2012.12.18"]
[Round "4.17"]
[White "Veleski,R"]
[Black "Piskur,M"]
[Result "0-1"]
[WhiteElo "2311"]
[BlackElo "2322"]

1.e4 d5 2.exd5 Qxd5 3.Nc3 Qd8 4.d4 Nf6 5.Nf3 Bg4 6.h3 Bxf3 7.Qxf3 c6 8.Bf4 e6
9.O-O-O Bd6 10.Be5 O-O 11.Bd3 Bxe5 12.dxe5 Nd5 13.Bxh7+ Kxh7 14.Qh5+ Kg8
15.Ne4 f6 16.c4 Nd7 17.cxd5 cxd5 18.Nxf6+ Nxf6 19.exf6 Qxf6 20.Rd2 Rac8+
21.Kb1 Rc6 22.Rc1 Qf4 23.Qe2 Qf5+ 24.Rcc2 Rfc8 25.g4 Qg6 26.Kc1 d4 27.Qd1 e5
28.Rxc6 Rxc6+ 29.Rc2 Rxc2+ 30.Qxc2 Qxc2+ 31.Kxc2 e4 32.Kd2 g5 33.Ke2 Kf7
34.f4 gxf4 35.h4 Kg6 36.b4 b5 37.a3 d3+ 38.Kd2 f3 39.Ke3 a6 40.h5+ Kg5  0-1

[Event "15th Padova Open 2012"]
[Site "Padova ITA"]
[Date "2012.12.23"]
[Round "9.3"]
[White "Solodovnichenko,Y"]
[Black "Kasparov,S"]
[Result "1-0"]
[WhiteElo "2557"]
[BlackElo "2475"]

1.e4 d5 2.exd5 Qxd5 3.Nc3 Qd6 4.d4 Nf6 5.Nf3 c6 6.Ne5 Nbd7 7.Nc4 Qc7 8.Qf3 Nb6
9.Bf4 Qd7 10.Nxb6 axb6 11.O-O-O e6 12.Be5 Nd5 13.Bc4 f6 14.Bg3 Bb4 15.Nxd5 exd5
16.Bd3 Qg4 17.Qe3+ Kf7 18.h3 Qe6 19.Qf3 g6 20.c3 Bd6 21.Rde1 Qd7 22.Re3 Bxg3
23.Qxg3 Re8 24.Rhe1 Rxe3 25.Qxe3 Qd8 26.h4 Bd7 27.h5 Qf8 28.Rh1 g5 29.Bxh7 Rxa2
30.Bg6+ Kg8 31.Kb1 Ra8 32.Re1 Rd8 33.Kc1 b5 34.Qe7 Qxe7 35.Rxe7 b6 36.h6 c5
37.Rg7+ Kh8 38.Rf7 f5 39.Bxf5 Bxf5 40.Rxf5 Kh7 41.Rxg5 Kxh6 42.Re5 b4 43.cxb4 cxb4
44.Kc2 Rf8 45.f3 Rg8 46.Re2 Rc8+ 47.Kb3 Rc4 48.Re6+ Kg7 49.Rxb6 Rxd4 50.Rxb4 Rd2
51.Kc3  1-0

[Event "22nd North American Open"]
[Site "Las Vegas USA"]
[Date "2012.12.26"]
[Round "2.8"]
[White "Shabalov,A"]
[Black "Liou,Y"]
[Result "1/2-1/2"]
[WhiteElo "2578"]
[BlackElo "2352"]

1.e4 d5 2.exd5 Qxd5 3.Nc3 Qd6 4.d4 Nf6 5.Nf3 c6 6.Ne5 Nbd7 7.Nc4 Qc7 8.Bd3 b5
9.Ne3 Bb7 10.O-O e6 11.Qf3 a6 12.Re1 O-O-O 13.Qh3 c5 14.dxc5 Bxc5 15.Nf1 Ne5
16.Be2 h5 17.Be3 Neg4 18.Bf3 Nxe3 19.Nxe3 Qf4 20.Ne2 Qe5 21.Nc3 Qf4 22.Ne2 Qe5
23.Nc3  1/2-1/2

[Event "36th Zurich Christmas Open"]
[Site "Zuerich SUI"]
[Date "2012.12.26"]
[Round "1.5"]
[White "Kurnosov,I"]
[Black "Zichanowicz,M"]
[Result "1/2-1/2"]
[WhiteElo "2645"]
[BlackElo "2176"]

1.e4 d5 2.exd5 Qxd5 3.Nc3 Qd6 4.d4 Nf6 5.Nb5 Qb6 6.c4 c6 7.Nc3 Bg4 8.f3 Bf5
9.g4 Bg6 10.Nge2 Nbd7 11.c5 Qa5 12.Bh3 Nd5 13.O-O Nxc3 14.Nxc3 O-O-O 15.a3 Qa6
16.f4 Qd3 17.Qxd3 Bxd3 18.Rf3 Bc4 19.Rb1 Bb3 20.Be3 e6 21.Re1 b6 22.cxb6 axb6
23.Bf2 h5 24.gxh5 Rxh5 25.f5 exf5 26.Bxf5 Kb7 27.Bg4 Rh8 28.d5 Nf6 29.dxc6+ Kxc6
30.Bh3 Bd6 31.Rc1 Kb7 32.Nb5 Bd5 33.Rfc3 Bc5 34.Bxc5 bxc5 35.Bf1 Ne4 36.Rd3 Bc6
37.Rxd8 Rxd8 38.Nc3 Rd2 39.Nxe4 Bxe4 40.Rxc5 Rxb2 41.Re5 Bg6 42.h4 Ra2 43.h5 Bc2
44.Re7+ Kc6 45.Rxf7 Rxa3 46.Rxg7 Kd6 47.Bg2 Rb3 48.Kf2 Ke6 49.Rc7 Bf5 50.Rc6+ Ke5
51.Rc4 Kf6 52.Bf3 Rb6 53.Kg3 Be6 54.Rc5 Bf5 55.Ra5 Rd6 56.Ra7 Kg5 57.Rg7+ Kh6
58.Rg8 Bc2 59.Kf4 Rf6+ 60.Kg4 Rd6 61.Kh4 Rd4+ 62.Kg3 Rd6 63.Rh8+ Kg7 64.Rc8 Bd1
65.Rc7+ Kh6 66.Be4 Bxh5  1/2-1/2

[Event "3rd Arco Christmas"]
[Site "Arco ITA"]
[Date "2012.12.27"]
[Round "3.11"]
[White "Simoni,Giulio"]
[Black "Giancotti,E"]
[Result "0-1"]
[WhiteElo "1704"]
[BlackElo "2040"]

1.e4 d5 2.exd5 Qxd5 3.Nc3 Qd6 4.d4 Nf6 5.Nf3 a6 6.Be2 e6 7.O-O Nbd7 8.Re1 Be7
9.Bg5 O-O 10.Bh4 b5 11.Bg3 Qb6 12.h3 Bb7 13.Ne5 Rad8 14.Bf3 Nxe5 15.Bxe5 c5
16.Bxb7 Qxb7 17.Ne2 cxd4 18.Nxd4 Rd5 19.Qf3 Qd7 20.c3 Rd8 21.Re3 b4 22.Nb3 Qb5
23.Rae1 a5 24.c4 Qxc4 25.Nxa5 Rxa5  0-1

[Event "2nd Erfurter WGM"]
[Site "Erfurt GER"]
[Date "2012.12.27"]
[Round "4.1"]
[White "Havlikova,K"]
[Black "Rajlich,I"]
[Result "1/2-1/2"]
[WhiteElo "2310"]
[BlackElo "2410"]

1.e4 d5 2.exd5 Qxd5 3.Nc3 Qd6 4.d4 a6 5.Be3 Nf6 6.Be2 Nc6 7.Qd2 Bf5 8.a3 O-O-O
9.Nf3 e5 10.O-O-O exd4 11.Nxd4 Nxd4 12.Qxd4 Qxd4 13.Rxd4 Bd6 14.Bf3 Be5 15.Rxd8+ Rxd8
16.Ne2 Bg4 17.Bxg4+ Nxg4 18.Bc5 Bd6 19.Bxd6 Rxd6 20.f3 Ne3 21.g3 g5 22.b3 Rh6
23.Nc3 f5 24.Nd1 Nxd1 25.Kxd1 g4 26.fxg4 fxg4 27.Ke2 Kd7 28.Ke3 Re6+ 29.Kd3 Rf6
30.Re1 Rd6+ 31.Kc3 Rh6 32.Re2 Kd6 33.a4 b5 34.axb5 axb5 35.Kb4 Rh5 36.c4 bxc4
37.Kxc4 Rc5+ 38.Kd4 Rd5+ 39.Kc4 Rf5 40.Rd2+ Kc6 41.b4 Rf1 42.b5+ Kb6 43.Rd5 Rc1+
44.Kb4 Rb1+ 45.Kc4 Ka5 46.Rh5 Rb4+ 47.Kc3 Rxb5 48.Rxh7 Rc5+ 49.Kb3 Kb5 50.Rh4 Rg5
51.Rh7 c6 52.Rb7+ Kc5 53.Rb4 Kd5 54.Kc3 c5 55.Rf4 Rh5 56.Rxg4 Rxh2 57.Rg5+ Kc6
58.Rg8 Re2 59.g4 Re3+ 60.Kc4 Re4+ 61.Kd3 Rf4 62.Kc3 Kd6 63.Rg6+ Kd5 64.Rg5+ Kc6
65.Rg8 Rf1 66.g5 Kd5 67.Rd8+ Ke6 68.Re8+ Kf7 69.Re5 Rc1+ 70.Kd2 Rg1 71.Rxc5 Kg6
72.Ke3 Rxg5 73.Rxg5+ Kxg5  1/2-1/2

[Event "29th Travemuender Schach-Open"]
[Site "Travemuende GER"]
[Date "2012.12.27"]
[Round "1.1"]
[White "Korneev,O"]
[Black "Park,H"]
[Result "1-0"]
[WhiteElo "2602"]
[BlackElo "1990"]

1.e4 d5 2.exd5 Qxd5 3.Nc3 Qd6 4.d4 Nf6 5.Nf3 a6 6.g3 Bg4 7.Bg2 Nc6 8.O-O O-O-O
9.d5 Nb4 10.h3 Bxf3 11.Qxf3 Nbxd5 12.Nxd5 Qxd5 13.Qe3 Qd4 14.Qb3 Qb6 15.Qxf7 e5
16.Be3 Bc5 17.Bxc5 Qxc5 18.Qxg7 Nd7 19.Qf7 c6 20.Qf3 Rhg8 21.Kh2 Rdf8 22.Qe3 Qxc2
23.b4 Qc4 24.a3 Qb5 25.Rac1 Qb6 26.Qd2 Rg7 27.a4 Rgf7 28.Rc2 Kc7 29.Rd1 Qd4
30.Qxd4 exd4 31.Kg1 Ne5 32.Rxd4 Nf3+ 33.Bxf3 Rxf3 34.Kg2 R8f7 35.b5 axb5
36.axb5 R3f5 37.bxc6 bxc6 38.Rdc4 R7f6 39.g4 Rd5 40.f4 h6 41.f5 Kb6 42.Kg3 Kb5
43.Kh4 c5 44.Kh5 Re5 45.h4 Rd5 46.Rf4 Rd4 47.Rxd4 cxd4 48.Rf2 d3 49.g5 hxg5
50.hxg5 d2 51.Rxd2 Rxf5 52.Kh6 Kc6 53.g6 Rf1 54.Rg2  1-0

[Event "29th Travemuender Schach-Open"]
[Site "Travemuende GER"]
[Date "2012.12.27"]
[Round "1.17"]
[White "Schulz,Je"]
[Black "Hoyer,Olaf"]
[Result "1-0"]
[WhiteElo "2234"]
[BlackElo "1912"]

1.e4 d5 2.exd5 Qxd5 3.Nc3 Qd6 4.d4 Nf6 5.Bc4 c6 6.Nge2 Be6 7.Bf4 Qd7 8.Bxe6 Qxe6
9.O-O g6 10.Ng3 Bg7 11.Re1 Qd7 12.Qe2 e6 13.Be5 O-O 14.Nge4 Nxe4 15.Nxe4 Bxe5
16.dxe5 Qc7 17.Nf6+ Kg7 18.Rad1 Rd8 19.Rxd8 Qxd8 20.Rd1 Qb6 21.Qg4 Na6 22.Qg5 h6
23.Nh5+ Kh7 24.Qf6 gxh5 25.Qxf7+  1-0

[Event "CXU Obro New Year 2012"]
[Site "Copenhagen DEN"]
[Date "2012.12.28"]
[Round "3.15"]
[White "Grau,P"]
[Black "Holst,Pet"]
[Result "1/2-1/2"]
[WhiteElo "2084"]
[BlackElo "1963"]

1.e4 d5 2.exd5 Qxd5 3.Nc3 Qd6 4.Bc4 Nf6 5.d3 a6 6.Qe2 e6 7.Nf3 Nbd7 8.Bd2 b5
9.Bb3 Bb7 10.O-O-O Be7 11.Rhe1 Nc5 12.Ne5 Nxb3+ 13.axb3 O-O 14.f4 Rfe8 15.g3 Qb6
16.h4 a5 17.g4 a4 18.bxa4 bxa4 19.Nc4 Qa6 20.Nb1 a3 21.bxa3 Bd5 22.Bb4  1/2-1/2